Geology and ground-water resources of the Anchorage area, Alaska, (Record no. 29888)
[ view plain ]
| 000 -LEADER | |
|---|---|
| fixed length control field | 01207cam a22003131 4500 |
| 001 - CONTROL NUMBER | |
| control field | gs 64000311 |
| 003 - CONTROL NUMBER IDENTIFIER | |
| control field | DLC |
| 005 - DATE AND TIME OF LATEST TRANSACTION | |
| control field | 20260227111415.0 |
| 008 - FIXED-LENGTH DATA ELEMENTS--GENERAL INFORMATION | |
| fixed length control field | 770317s1964 dcuab b f000 0 eng c |
| 010 ## - LIBRARY OF CONGRESS CONTROL NUMBER | |
| LC control number | gs 64000311 |
| 040 ## - CATALOGING SOURCE | |
| Original cataloging agency | U.S. Geol. Survey. Libr. |
| Transcribing agency | ak |
| Modifying agency | DLC |
| 043 ## - GEOGRAPHIC AREA CODE | |
| Geographic area code | n-us-ak |
| 050 00 - LIBRARY OF CONGRESS CALL NUMBER | |
| Classification number | TC801 |
| Item number | .U2 no. 1773 |
| 051 ## - LIBRARY OF CONGRESS COPY, ISSUE, OFFPRINT STATEMENT | |
| Classification number | QE84.A4 |
| Item number | C4 |
| Copy information | Copy 2. |
| 082 00 - DEWEY DECIMAL CLASSIFICATION NUMBER | |
| Classification number | 553.7/0973 s |
| -- | 553.7/9/097983 |
| Edition number | 19 |
| 100 1# - MAIN ENTRY--PERSONAL NAME | |
| Personal name | Cederstrom, D. J. |
| Fuller form of name | (Dagfin John), |
| Dates associated with a name | 1908-1997. |
| 245 00 - TITLE STATEMENT | |
| Title | Geology and ground-water resources of the Anchorage area, Alaska, |
| Statement of responsibility, etc. | by D. J. Cederstrom, Frank W. Trainer, and Roger M. Waller. |
| 260 ## - PUBLICATION, DISTRIBUTION, ETC. | |
| Place of publication, distribution, etc. | Washington, |
| Name of publisher, distributor, etc. | U.S. Govt. Print. Off., |
| Date of publication, distribution, etc. | 1964. |
| 300 ## - PHYSICAL DESCRIPTION | |
| Extent | vi, 108 p. |
| Other physical details | illus., maps (1 col.) diagrs., tables. |
| Dimensions | 24 cm. |
| 490 1# - SERIES STATEMENT | |
| Series statement | U.S. Geological Survey. Water-supply paper |
| Volume/sequential designation | 1773. |
| 500 ## - GENERAL NOTE | |
| General note | Part of illustrative matter fold. in pocket. |
| 504 ## - BIBLIOGRAPHY, ETC. NOTE | |
| Bibliography, etc. note | Bibliography: p. 107-108. |
| 650 #0 - SUBJECT ADDED ENTRY--TOPICAL TERM | |
| Topical term or geographic name entry element | Geology |
| Geographic subdivision | Alaska |
| -- | Anchorage Region. |
| 650 #0 - SUBJECT ADDED ENTRY--TOPICAL TERM | |
| Topical term or geographic name entry element | Groundwater |
| Geographic subdivision | Alaska |
| -- | Anchorage Region. |
| 650 #0 - SUBJECT ADDED ENTRY--TOPICAL TERM | |
| Topical term or geographic name entry element | Water-supply |
| Geographic subdivision | Alaska |
| -- | Anchorage Region. |
| 650 #0 - SUBJECT ADDED ENTRY--TOPICAL TERM | |
| Topical term or geographic name entry element | Borings |
| Geographic subdivision | Alaska |
| -- | Anchorage Region. |
| 830 #0 - SERIES ADDED ENTRY--UNIFORM TITLE | |
| Uniform title | Geological Survey water-supply paper ; |
| Volume/sequential designation | 1773. |
No items available.